| 000 | 00709nam a2200241 4500 | ||
|---|---|---|---|
| 003 | LK-CoMWRAF | ||
| 005 | 20231203133014.0 | ||
| 008 | 231203b2008 |||||||| |||| 00| 0 eng d | ||
| 020 | _a9781601270375 | ||
| 040 |
_aLK-CoMWRAF _dLK-CoMWRAF _eLK-CoMWRAF |
||
| 041 | _aeng | ||
| 082 |
_a303.69 _bSMI |
||
| 100 | _a Smith, Amy L. | ||
| 245 | _aManaging a mediation process | ||
| 260 |
_aWashington D.C.: _bUnited States Institute of Peace, _c2008 |
||
| 300 | _a 61 p. ; 21 cm. | ||
| 490 | _a Peacemaker's toolkit | ||
| 650 | _aMEDIATION | ||
| 650 | _aConflict management | ||
| 700 | _aSmock, David R. | ||
| 856 | _uhttps://www.usip.org/sites/default/files/managing_mediation_process.pdf | ||
| 942 | _cBK | ||
| 999 |
_c4288 _d4288 |
||